Music Quiz

Random Music or The Simpsons Quiz

Lyrics by Homer Simpson Quiz Stats

 Plays Quiz Updated Jun 19, 2017

Support Sporcle.
Go Orange.
Score 0/25 Timer 07:00
4 Plays Today
% Correct
Rudolph the Red-Nosed Reindeer
93.4%
Escape (The Piña Colada Song)
92.5%
Macho Man
92.3%
Spider-Man Theme
92%
When the Saints Go Marching In
90.2%
I Go to Rio
89.6%
She Works Hard for the Money
89.2%
Mandy
88.1%
The Candy Man
86.8%
The Flintstones Theme
86.8%
Batman Theme
86.7%
Safety Dance
86.6%
Love Shack
86%
% Correct
Whip It
85.1%
Coconut
84.9%
Hot Blooded
84.6%
Tubthumping
82.9%
Brahms's Lullaby
82.9%
It Was a Very Good Year
80.1%
Oscar Mayer Jingle
79.4%
Cars
78.7%
Owner of a Lonely Heart
77%
It's the End of the World (As We Know It)
74%
Sailing, Sailing
72.1%
Georgy Girl
68.3%

You're not logged in!

Compare scores with friends on all Sporcle quizzes.
OR
Log In
Forgot?

From the Vault

US Presidents by First Lady

by MasterKGlas

Here's one for the (First) Ladies!
Remove Ads.
Support Sporcle.
Get the best of Sporcle when you Go Orange. This ad-free experience offers more features, more stats, and more fun while also helping to support Sporcle. Thank you for becoming a member.

Show Comments

Extras

Top Quizzes Today


Score Distribution

Your Account Isn't Verified!

In order to create a playlist on Sporcle, you need to verify the email address you used during registration. Go to your Sporcle Settings to finish the process.

Report this User

Report this user for behavior that violates our Community Guidelines.

Details: